000 00197nam a2200109Ia 4500
100 _a#N/A
942 _cBK
654 _aproblems
245 _aDecision Making
260 _b#N/A
546 _aENGLISH
999 _c26482
_d26482